Online Catalogue and eLibrary

G.E.Moore selected writings (Record no. 724)

MARC details
000 -LEADER
fixed length control field 00373nam a2200157Ia 4500
005 - DATE AND TIME OF LATEST TRANSACTION
control field 20240628054932.0
008 - FIXED-LENGTH DATA ELEMENTS--GENERAL INFORMATION
fixed length control field 240331s9999 xx 000 0 und d
020 ## - INTERNATIONAL STANDARD BOOK NUMBER
ISBN 0415098548
082 ## - DDC Classification
Class No. 140
Item Number - Author Mark MOO
245 #0 - TITLE STATEMENT
Title G.E.Moore selected writings
260 ## - PUBLICATION, DISTRIBUTION, ETC.
Place of publication, distribution, etc. London
Name of publisher, distributor, etc. Routledge
Date of publication, distribution, etc. 1993
300 ## - PHYSICAL DESCRIPTION
Extent (e.g. Volumes, Pages etc.) 218 p .,
650 ## - SUBJECT ADDED ENTRY--TOPICAL TERM
Topical term or geographic name entry element Philosophy
700 ## - ADDED ENTRY--PERSONAL NAME
Personal name Baldwin, T.
Relator term (Role) Editor
942 ## - Koha item type (Biblio)
Koha item type Books in Stacks (Lending)
Holdings
Lost status Damaged status Collection code Home library Current library Shelving location Date acquired Full call number Accession Number Item type
    Lending WERC Library WERC Library Social Science Cupboard 03/31/2024 140 MOO 5050 Books in Stacks (Lending)

© WERC Library